| 000 | 00859cam a2200265 i 4500 | ||
|---|---|---|---|
| 942 | _cBK | ||
| 999 |
_c530 _d530 |
||
| 001 | 17802476 | ||
| 003 | OSt | ||
| 005 | 20250420134814.0 | ||
| 008 | 130705s2014 njua b 001 0 eng | ||
| 010 | _a 2013023791 | ||
| 020 | _a9789814447928 (hardcover : alk. paper) | ||
| 040 |
_aDLC _beng _cKCST |
||
| 042 | _apcc | ||
| 050 | 0 | 0 |
_aT56.8 _b.B458 2014 |
| 082 | 0 | 0 |
_a658.40402 _223 _bBe Pr |
| 100 | 1 |
_aBennett, J. Michael. _94847 |
|
| 245 | 1 | 0 |
_aProject management for engineers / _cJ. Michael Bennett, [University of Ontario, Canada], Danny S.K. Ho, [NFA Estimation Inc., Canada]. |
| 260 |
_aNew Jersey : _bWorld Scientific, _c2014. |
||
| 300 |
_axxvii, 379 pages : _billustrations ; _c24 cm |
||
| 504 | _aIncludes bibliographical references and index. | ||
| 650 | 0 |
_aProject management. _933 |
|
| 700 | 1 |
_aHo, Danny. _94848 |
|
| 942 | _2ddc | ||